Central Library OPAC University of Rajshahi

The indigenous drugs of India : (Record no. 29476)

MARC details
000 -LEADER
fixed length control field 01065nam a2200289 a 4500
001 - CONTROL NUMBER
control field 29476
003 - CONTROL NUMBER IDENTIFIER
rucl marc code BD-RjUL
005 - DATE AND TIME OF LATEST TRANSACTION
control field 20211209051422.0
008 - FIXED-LENGTH DATA ELEMENTS--GENERAL INFORMATION
fixed length control field 140403r19841896ii 001 0 eng
035 ## - SYSTEM CONTROL NUMBER
System control number (BD-RjUL)29561
040 ## - CATALOGING SOURCE
Original cataloging agency DLC
Transcribing agency DLC
Modifying agency BD-RjUL
Language of cataloging eng
041 ## - LANGUAGE CODE
Language code of text/sound track or separate title eng
082 00 - DEWEY DECIMAL CLASSIFICATION NUMBER
Classification number 615.320954
Edition number 20
Author mark and year DEI 1984
100 1# - MAIN ENTRY--PERSONAL NAME
Personal name Dey, Kanny Lall.
9 (RLIN) 89853
245 14 - TITLE STATEMENT
Title The indigenous drugs of India :
Remainder of title short descriptive notices of the principal medicinal products met with in British India /
Statement of responsibility, etc. Kanny Lall Dey ; assisted by William Mair.
250 ## - EDITION STATEMENT
Edition statement 2nd ed.
260 ## - PUBLICATION, DISTRIBUTION, ETC. (IMPRINT)
Place of publication, distribution, etc. Dehradun, India :
Name of publisher, distributor, etc. International Book Distributors,
Date of publication, distribution, etc. c1896 [reprint 1984].
300 ## - PHYSICAL DESCRIPTION
Pagination xxxviii, 387 p. ;
Size 23 cm.
500 ## - GENERAL NOTE
General note Reprint. Originally published: 2nd ed., rev. and entirely re-written. Calcutta : Thacker, Spink, 1896.
General note Includes index.
650 #0 - SUBJECT ADDED ENTRY--TOPICAL TERM
Topical term or geographic name as entry element Materia medica, Vegetable
Geographic subdivision India.
9 (RLIN) 89854
Topical term or geographic name as entry element Medicinal plants
Geographic subdivision India.
9 (RLIN) 89855
700 1# - ADDED ENTRY--PERSONAL NAME
Personal name Mair, William.
942 ## - ADDED ENTRY ELEMENTS (KOHA)
Source of classification or shelving scheme Dewey Decimal Classification
Koha item type Books
Holdings
Lost status Source of classification or shelving scheme Damaged status Not for loan Collection code Permanent Location Current Location Shelving location Date acquired Source of acquisition Cost, normal purchase price Total Checkouts Full call number Date last seen Copy number Koha item type
  Dewey Decimal Classification   Added to bundle Non-fiction Central Library, University of Rajshahi Central Library, University of Rajshahi Reading Room 24/05/1990 Karim international 2.50   615.320954 DEI 1984 03/04/2014 C-1 Books